[Event "España tch 1B 2011"]
[Site "Sabadell ESP"]
[Date "2011.08.29"]
[Round "1.1"]
[White "Cordova, Emilio"]
[Black "Castellet Giralt, Gabriel"]
[Result "1-0"]
[WhiteElo "2567"]
[BlackElo "2224"]
[PlyCount "79"]
[EventDate "2011.08.29"]
[EventType "team"]
[EventRounds "5"]
[EventCountry "ESP"]
[Source "lmi"]
[SourceDate "2011.08.29"]
[WhiteTeam "CLUB D'ESCACS BARBERA"]
[BlackTeam "CERDANYOLA DEL VALLES"]

1. d4 Nf6 2. Nf3 g6 3. c4 Bg7 4. g3 O-O 5. Bg2 d6 6. O-O Nc6 7. Nc3 a6 8. h3
Bd7 9. Be3 Na5 10. Nd2 Qc8 11. Kh2 e5 12. dxe5 dxe5 13. Nd5 Nc6 14. Rc1 Re8 15.
Bg5 Nh5 16. Ne4 f5 17. Nef6+ Nxf6 18. Bxf6 Kf7 19. Bxg7 Kxg7 20. Qd2 Be6 21.
Rfd1 Qd7 22. Qc3 Qf7 23. e3 Kh6 24. b4 e4 25. a4 Rec8 26. b5 axb5 27. axb5 Bxd5
28. Rxd5 Ne7 29. Rd7 Rd8 30. Rcd1 Qe8 31. Qd4 Rxd7 32. Qxd7 Ng8 33. Qd4 Qe7 34.
Qd5 c6 35. Qd2 Rc8 36. Qe2 Rd8 37. bxc6 bxc6 38. Rd4 Rd7 39. g4 Kg7 40. Kg3 1-0

[Event "España tch 1B 2011"]
[Site "Sabadell ESP"]
[Date "2011.08.29"]
[Round "1.2"]
[White "Shatko, Danil"]
[Black "Ipatov, Alexander"]
[Result "0-1"]
[WhiteElo "2064"]
[BlackElo "2562"]
[PlyCount "112"]
[EventDate "2011.08.29"]
[EventType "team"]
[EventRounds "5"]
[EventCountry "ESP"]
[Source "lmi"]
[SourceDate "2011.08.29"]
[WhiteTeam "CERDANYOLA DEL VALLES"]
[BlackTeam "CLUB D'ESCACS BARBERA"]

1. d4 Nf6 2. c4 g6 3. Nc3 d5 4. cxd5 Nxd5 5. Bd2 Nb6 6. Bf4 Bg7 7. e3 O-O 8.
Nf3 c5 9. dxc5 N6d7 10. Bc4 Nxc5 11. Be5 Be6 12. Bxe6 Nd3+ 13. Ke2 Nxe5 14.
Qxd8 Rxd8 15. Nxe5 Bxe5 16. Bb3 Bxc3 17. bxc3 Nd7 18. Rhd1 Nc5 19. f3 e6 20.
Rxd8+ Rxd8 21. Rd1 Rc8 22. Bc2 Kf8 23. g4 Ke7 24. Rb1 b6 25. f4 Nb7 26. Kd2
Rd8+ 27. Ke1 Rc8 28. Kd2 Rc5 29. a4 Rd5+ 30. Ke2 Nd6 31. Bd3 h6 32. h4 Kd7 33.
Rb4 Rc5 34. Kd2 Kc7 35. Kc2 h5 36. g5 e5 37. fxe5 Rxe5 38. Kd2 Kd7 39. Rd4 Ke7
40. Rf4 Rc5 41. Rd4 Re5 42. Rf4 Re6 43. Rd4 Nb7 44. Rf4 Na5 45. Ke2 Rc6 46. Kd2
Rd6 47. Kc2 Nc6 48. Bc4 Ne5 49. Re4 f6 50. gxf6+ Kxf6 51. Rf4+ Kg7 52. Be2 Rd7
53. Bb5 Re7 54. Be2 Nd7 55. Kd2 Nc5 56. Bd3 Rd7 0-1

[Event "España tch 1B 2011"]
[Site "Sabadell ESP"]
[Date "2011.08.29"]
[Round "1.3"]
[White "Alonso Moyano, Jonathan"]
[Black "Valencia Jimenez, Jose"]
[Result "1-0"]
[WhiteElo "2426"]
[BlackElo "2032"]
[PlyCount "79"]
[EventDate "2011.08.29"]
[EventType "team"]
[EventRounds "5"]
[EventCountry "ESP"]
[Source "lmi"]
[SourceDate "2011.08.29"]
[WhiteTeam "CLUB D'ESCACS BARBERA"]
[BlackTeam "CERDANYOLA DEL VALLES"]

1. e4 g6 2. d4 Bg7 3. Nc3 c6 4. f4 d5 5. e5 Nh6 6. Nf3 Bg4 7. h3 Bxf3 8. Qxf3
Nf5 9. Ne2 h5 10. g4 hxg4 11. hxg4 Rxh1 12. Qxh1 Nh6 13. f5 Nxg4 14. fxg6 f5
15. Qh7 Kf8 16. Nf4 Qd7 17. e6 Qd6 18. Bd2 Nf6 19. Qh3 c5 20. Qxf5 Nc6 21. dxc5
Qe5+ 22. Qxe5 Nxe5 23. O-O-O Nf3 24. Nd3 Rc8 25. Bb4 Rc6 26. Bh3 Ng5 27. Bf5
Nfe4 28. Nf4 d4 29. Ne2 Ra6 30. a3 Be5 31. Kb1 Kg8 32. Rxd4 Bxd4 33. Nxd4 Ng3
34. Bd3 Ra4 35. b3 Rxb4 36. axb4 Nh5 37. b5 Nf4 38. Bf5 Nd5 39. c4 Nc7 40. Kc2
1-0

[Event "España tch 1B 2011"]
[Site "Sabadell ESP"]
[Date "2011.08.29"]
[Round "1.4"]
[White "Pozanco Romasanta, Marc"]
[Black "Gomez Jurado, Luis Alberto"]
[Result "0-1"]
[WhiteElo "1916"]
[BlackElo "2353"]
[PlyCount "64"]
[EventDate "2011.08.29"]
[EventType "team"]
[EventRounds "5"]
[EventCountry "ESP"]
[Source "lmi"]
[SourceDate "2011.08.29"]
[WhiteTeam "CERDANYOLA DEL VALLES"]
[BlackTeam "CLUB D'ESCACS BARBERA"]

1. d4 Nf6 2. c4 c6 3. Nc3 d5 4. e3 Nbd7 5. Nf3 e6 6. Bd3 dxc4 7. Bxc4 b5 8. Bd3
Bb7 9. O-O a6 10. e4 c5 11. d5 b4 12. dxe6 fxe6 13. Na4 Bxe4 14. Bxe4 Nxe4 15.
Re1 Ndf6 16. Bg5 Qxd1 17. Raxd1 Kf7 18. Bxf6 Nxf6 19. Ng5+ Kg6 20. Nxe6 Rc8 21.
Nb6 Re8 22. Nc4 h6 23. Ne5+ Kh7 24. Nd7 Nxd7 25. Rxd7 Rc8 26. Re3 c4 27. Rg3
Rg8 28. Kf1 Kh8 29. f4 c3 30. bxc3 bxc3 31. Rc7 Rxc7 32. Nxc7 Bb4 0-1

[Event "España tch 1B 2011"]
[Site "Sabadell ESP"]
[Date "2011.08.29"]
[Round "1.1"]
[White "Marin, Mihail"]
[Black "Almeida Quintana, Omar"]
[Result "1/2-1/2"]
[WhiteElo "2548"]
[BlackElo "2548"]
[PlyCount "33"]
[EventDate "2011.08.29"]
[EventType "team"]
[EventRounds "5"]
[EventCountry "ESP"]
[Source "lmi"]
[SourceDate "2011.08.29"]
[WhiteTeam "FOMENT MARTINENC"]
[BlackTeam "SOCIETAT CORAL COLON  DE SABADELL"]

1. g3 e5 2. c4 Nc6 3. Nc3 Bc5 4. Bg2 d6 5. e3 a6 6. Nge2 Ba7 7. b3 Nge7 8. Bb2
O-O 9. O-O Nf5 10. d4 exd4 11. Nxd4 Ncxd4 12. exd4 Rb8 13. a4 Qd7 14. Re1 Re8
15. Qd2 h6 16. Re3 c6 17. Ba3 1/2-1/2

[Event "España tch 1B 2011"]
[Site "Sabadell ESP"]
[Date "2011.08.29"]
[Round "1.2"]
[White "Magem Badals, Jordi"]
[Black "Llaneza Vega, Marcos"]
[Result "1/2-1/2"]
[WhiteElo "2552"]
[BlackElo "2465"]
[PlyCount "66"]
[EventDate "2011.08.29"]
[EventType "team"]
[EventRounds "5"]
[EventCountry "ESP"]
[Source "lmi"]
[SourceDate "2011.08.29"]
[WhiteTeam "SOCIETAT CORAL COLON  DE SABADELL"]
[BlackTeam "FOMENT MARTINENC"]

1. e4 c5 2. Nc3 d6 3. Nge2 Nf6 4. g3 g6 5. Bg2 Bg7 6. d4 cxd4 7. Nxd4 O-O 8. h3
Bd7 9. O-O Nc6 10. Nde2 Rb8 11. a4 a6 12. Nd5 Re8 13. Be3 b5 14. axb5 axb5 15.
b3 Qc8 16. Kh2 Nxd5 17. exd5 Nb4 18. c3 Na6 19. b4 Ra8 20. Bd4 Qc4 21. Bxg7
Kxg7 22. Qd2 Nc7 23. Nf4 Kf8 24. h4 Rec8 25. Rxa8 Nxa8 26. Rc1 Nb6 27. Bf1 Qc7
28. Qd4 Kg8 29. Qe3 Re8 30. Ra1 Na4 31. Ra3 Qb7 32. Ra1 Qc7 33. Ra3 Qb7 1/2-1/2

[Event "España tch 1B 2011"]
[Site "Sabadell ESP"]
[Date "2011.08.30"]
[Round "2.1"]
[White "Peralta, Fernando"]
[Black "Marin, Mihail"]
[Result "1/2-1/2"]
[WhiteElo "2601"]
[BlackElo "2548"]
[PlyCount "91"]
[EventDate "2011.08.29"]
[EventType "team"]
[EventRounds "5"]
[EventCountry "ESP"]
[Source "lmi"]
[SourceDate "2011.08.29"]
[WhiteTeam "CERDANYOLA DEL VALLES"]
[BlackTeam "FOMENT MARTINENC"]

1. d4 e6 2. c4 Bb4+ 3. Bd2 a5 4. Nc3 Nf6 5. e3 b6 6. Bd3 Bb7 7. Nge2 O-O 8. a3
Bxc3 9. Nxc3 d5 10. O-O c5 11. dxc5 bxc5 12. Ne2 Nbd7 13. Bc3 a4 14. Qc2 Qb6
15. Rac1 dxc4 16. Bxc4 Qc6 17. f3 Ng4 18. Bd3 Nxe3 19. Bxh7+ Kh8 20. Qd2 Kxh7
21. Qxe3 f6 22. Nf4 e5 23. Rfd1 Rf7 24. Nd5 Rc8 25. Qd3+ g6 26. Qc4 Kg7 27. Ne3
Nf8 28. Qg4 Qe6 29. Qxa4 Rd7 30. Qxd7+ Nxd7 31. Rc2 Qb3 32. Rcd2 Nf8 33. f4
exf4 34. Ng4 Qxd1+ 35. Rxd1 g5 36. Kf2 Ne6 37. Ra1 Be4 38. g3 fxg3+ 39. Kxg3
Rc7 40. Be1 f5 41. Nf2 Nd4 42. Nxe4 fxe4 43. Bc3 Rd7 44. Rd1 Kf6 45. Kf2 Rh7
46. Ke3 1/2-1/2

[Event "España tch 1B 2011"]
[Site "Sabadell ESP"]
[Date "2011.08.30"]
[Round "2.2"]
[White "Llaneza Vega, Marcos"]
[Black "Comas Fabrego, Lluis"]
[Result "1/2-1/2"]
[WhiteElo "2465"]
[BlackElo "2508"]
[PlyCount "55"]
[EventDate "2011.08.29"]
[EventType "team"]
[EventRounds "5"]
[EventCountry "ESP"]
[Source "lmi"]
[SourceDate "2011.08.29"]
[WhiteTeam "FOMENT MARTINENC"]
[BlackTeam "CERDANYOLA DEL VALLES"]

1. e4 g6 2. d4 d6 3. Nf3 Nf6 4. Bd3 Bg7 5. O-O O-O 6. h3 Nc6 7. c3 e5 8. Re1
Nh5 9. Bg5 Qe8 10. Bb5 a6 11. Ba4 Bd7 12. d5 Nb8 13. Bc2 h6 14. Bc1 a5 15. a4
Na6 16. Na3 Nc5 17. Nc4 b6 18. Ra3 f5 19. exf5 Bxf5 20. Bxf5 gxf5 21. Nd4 Qg6
22. Nb5 Rf7 23. b4 Ne4 24. Qf3 Kh7 25. Kh1 Rg8 26. bxa5 bxa5 27. Nxa5 Nc5 28.
g4 1/2-1/2

[Event "España tch 1B 2011"]
[Site "Sabadell ESP"]
[Date "2011.08.30"]
[Round "2.3"]
[White "Baron Isanta, Jose Maria"]
[Black "Jerez Perez, Alfonso"]
[Result "1/2-1/2"]
[WhiteElo "2348"]
[BlackElo "2416"]
[PlyCount "60"]
[EventDate "2011.08.29"]
[EventType "team"]
[EventRounds "5"]
[EventCountry "ESP"]
[Source "lmi"]
[SourceDate "2011.08.29"]
[WhiteTeam "CERDANYOLA DEL VALLES"]
[BlackTeam "FOMENT MARTINENC"]

1. Nf3 c5 2. c4 Nf6 3. Nc3 Nc6 4. d4 cxd4 5. Nxd4 g6 6. g3 Bg7 7. Bg2 O-O 8.
O-O Ng4 9. e3 d6 10. b3 Nxd4 11. exd4 a6 12. Bb2 Rb8 13. a4 Nh6 14. Nd5 e6 15.
Ne3 b5 16. cxb5 axb5 17. a5 Bb7 18. Bxb7 Rxb7 19. Qd2 f5 20. Ng2 Nf7 21. d5 e5
22. f4 b4 23. Ne3 Qa8 24. Nc4 Rb5 25. Rfd1 Qa7+ 26. Kg2 Qa8 27. Ra4 Rfb8 28.
Kg1 Qa7+ 29. Kg2 Qa8 30. Kg1 Qa7+ 1/2-1/2

[Event "España tch 1B 2011"]
[Site "Sabadell ESP"]
[Date "2011.08.30"]
[Round "2.4"]
[White "Torrecillas Martinez, Antonio"]
[Black "Raineri De Luca, Pablo"]
[Result "1-0"]
[WhiteElo "2413"]
[BlackElo "2263"]
[PlyCount "50"]
[EventDate "2011.08.29"]
[EventType "team"]
[EventRounds "5"]
[EventCountry "ESP"]
[Source "lmi"]
[SourceDate "2011.08.29"]
[WhiteTeam "FOMENT MARTINENC"]
[BlackTeam "CERDANYOLA DEL VALLES"]

1. c4 e5 2. Nc3 Nf6 3. g3 c6 4. d4 exd4 5. Qxd4 d5 6. cxd5 cxd5 7. Bg2 Nc6 8.
Qa4 d4 9. Nb5 Bb4+ 10. Kf1 O-O 11. Bg5 Bc5 12. Rd1 a6 13. Nc3 Bf5 14. Nd5 Re8
15. Bxf6 gxf6 16. Qb3 d3 17. e3 Ne5 18. h3 Rc8 19. Nf3 Ng6 20. Nd2 Re5 21. e4
Bd7 22. Kg1 Qf8 23. Qxd3 Bb5 24. Qf3 f5 25. h4 Qh6 1-0

[Event "España tch 1B 2011"]
[Site "Sabadell ESP"]
[Date "2011.08.30"]
[Round "2.1"]
[White "Alvarez Pedraza, Aramis"]
[Black "Cordova, Emilio"]
[Result "1/2-1/2"]
[WhiteElo "2551"]
[BlackElo "2567"]
[PlyCount "61"]
[EventDate "2011.08.29"]
[EventType "team"]
[EventRounds "5"]
[EventCountry "ESP"]
[Source "lmi"]
[SourceDate "2011.08.29"]
[WhiteTeam "C.E. LLEIDA"]
[BlackTeam "CLUB D'ESCACS BARBERA"]

1. d4 Nf6 2. c4 e6 3. Nf3 c5 4. e3 b6 5. Nc3 cxd4 6. exd4 Bb7 7. Bd3 Be7 8. O-O
d5 9. cxd5 Nxd5 10. Ne5 O-O 11. Qh5 Nf6 12. Qh4 Ne4 13. Qf4 Nxc3 14. bxc3 Nd7
15. Re1 Nxe5 16. Qxe5 Rc8 17. Bd2 h6 18. Re2 Bg5 19. f4 Bf6 20. Qe3 Qd5 21. Be1
Rfd8 22. Rb1 Qa5 23. Rb5 Qa4 24. Kf1 Bd5 25. Rb4 Qd7 26. Bb5 Qc7 27. Ba6 Be7
28. Bxc8 Bxb4 29. Ba6 Bd6 30. Rf2 Bc4+ 31. Qe2 1/2-1/2

[Event "España tch 1B 2011"]
[Site "Sabadell ESP"]
[Date "2011.08.30"]
[Round "2.2"]
[White "Ipatov, Alexander"]
[Black "Pozo Vera, Sandro"]
[Result "1/2-1/2"]
[WhiteElo "2562"]
[BlackElo "2471"]
[PlyCount "50"]
[EventDate "2011.08.29"]
[EventType "team"]
[EventRounds "5"]
[EventCountry "ESP"]
[Source "lmi"]
[SourceDate "2011.08.29"]
[WhiteTeam "CLUB D'ESCACS BARBERA"]
[BlackTeam "C.E. LLEIDA"]

1. d4 d5 2. c4 c6 3. Nf3 Nf6 4. Nbd2 Bf5 5. Nh4 Be4 6. f3 Bg6 7. Qb3 Qb6 8.
cxd5 cxd5 9. Nxg6 hxg6 10. Qxb6 axb6 11. Nb3 Nc6 12. a3 e6 13. Kf2 Bd6 14. g3
Ke7 15. Bd2 Rac8 16. e3 g5 17. Be2 e5 18. dxe5 Bxe5 19. Rab1 Rhd8 20. Bd3 g6
21. Kg2 g4 22. f4 Bd6 23. Rhd1 Ne4 24. Be1 f5 25. Rbc1 Ke6 1/2-1/2

[Event "España tch 1B 2011"]
[Site "Sabadell ESP"]
[Date "2011.08.30"]
[Round "2.3"]
[White "Baches Garcia, Guillermo"]
[Black "Alonso Moyano, Jonathan"]
[Result "1-0"]
[WhiteElo "2382"]
[BlackElo "2426"]
[PlyCount "51"]
[EventDate "2011.08.29"]
[EventType "team"]
[EventRounds "5"]
[EventCountry "ESP"]
[Source "lmi"]
[SourceDate "2011.08.29"]
[WhiteTeam "C.E. LLEIDA"]
[BlackTeam "CLUB D'ESCACS BARBERA"]

1. e4 c5 2. Nf3 d6 3. d4 cxd4 4. Nxd4 Nf6 5. f3 e5 6. Nb3 Be6 7. Bg5 Be7 8. c4
Nbd7 9. Bd3 h6 10. Be3 Rc8 11. Qe2 a6 12. Nc3 O-O 13. O-O Nh5 14. g3 Bg5 15.
Bf2 g6 16. Rad1 Ng7 17. Nd5 Bh3 18. Rfe1 Ne6 19. Bb1 Kg7 20. Ne3 Rc6 21. Qd3 a5
22. Nd5 Qa8 23. Nc3 a4 24. Nd2 Ndc5 25. Qe2 h5 26. Nf1 1-0

[Event "España tch 1B 2011"]
[Site "Sabadell ESP"]
[Date "2011.08.30"]
[Round "2.4"]
[White "Gomez Jurado, Luis Alberto"]
[Black "Trepat Herranz, Joan"]
[Result "1/2-1/2"]
[WhiteElo "2353"]
[BlackElo "2352"]
[PlyCount "76"]
[EventDate "2011.08.29"]
[EventType "team"]
[EventRounds "5"]
[EventCountry "ESP"]
[Source "lmi"]
[SourceDate "2011.08.29"]
[WhiteTeam "CLUB D'ESCACS BARBERA"]
[BlackTeam "C.E. LLEIDA"]

1. c4 e5 2. g3 Nc6 3. Nc3 g6 4. Nf3 Bg7 5. Bg2 d6 6. O-O Nge7 7. a3 O-O 8. Rb1
Be6 9. d3 h6 10. b4 Qd7 11. b5 Nd8 12. Bb2 Bh3 13. d4 Bxg2 14. Kxg2 exd4 15.
Nxd4 Ne6 16. Nd5 Nxd5 17. cxd5 Nc5 18. Nb3 Bxb2 19. Nxc5 dxc5 20. Rxb2 Rfe8 21.
f3 b6 22. e4 a6 23. a4 axb5 24. axb5 Ra5 25. Qd3 Ra4 26. Qe3 Kg7 27. Rd1 Qd6
28. Qc3+ f6 29. Qc2 Ra3 30. Ra2 Rea8 31. Rxa3 Rxa3 32. Qb2 Ra8 33. Qc3 Re8 34.
f4 Kf7 35. Rd2 h5 36. Re2 Re7 37. h4 Kg7 38. Kh2 Kf7 1/2-1/2

[Event "España tch 1B 2011"]
[Site "Sabadell ESP"]
[Date "2011.08.31"]
[Round "3.1"]
[White "Marin, Mihail"]
[Black "Alvarez Pedraza, Aramis"]
[Result "0-1"]
[WhiteElo "2548"]
[BlackElo "2551"]
[PlyCount "50"]
[EventDate "2011.08.29"]
[EventType "team"]
[EventRounds "5"]
[EventCountry "ESP"]
[Source "lmi"]
[SourceDate "2011.08.29"]
[WhiteTeam "FOMENT MARTINENC"]
[BlackTeam "C.E. LLEIDA"]

1. d4 d5 2. Nf3 Nf6 3. c4 c6 4. e3 Bg4 5. Qb3 Qb6 6. Nc3 e6 7. Nh4 Bh5 8. h3 g5
9. Nf3 h6 10. Bd3 Nbd7 11. g4 Bg6 12. Bxg6 fxg6 13. Bd2 Qa6 14. cxd5 exd5 15.
Qc2 O-O-O 16. h4 Bb4 17. Rg1 Rdf8 18. Nh2 gxh4 19. Qxg6 Bxc3 20. Bxc3 Ne4 21.
Rf1 Rf6 22. Qg7 Rhf8 23. Bb4 c5 24. dxc5 Qc4 25. a3 Rxf2 0-1

[Event "España tch 1B 2011"]
[Site "Sabadell ESP"]
[Date "2011.08.31"]
[Round "3.2"]
[White "Pozo Vera, Sandro"]
[Black "Llaneza Vega, Marcos"]
[Result "0-1"]
[WhiteElo "2471"]
[BlackElo "2465"]
[PlyCount "84"]
[EventDate "2011.08.29"]
[EventType "team"]
[EventRounds "5"]
[EventCountry "ESP"]
[Source "lmi"]
[SourceDate "2011.08.29"]
[WhiteTeam "C.E. LLEIDA"]
[BlackTeam "FOMENT MARTINENC"]

1. d4 Nf6 2. c4 g6 3. Nc3 d5 4. Bf4 Bg7 5. e3 c5 6. dxc5 Qa5 7. Rc1 Qd8 8. Ra1
Qa5 9. Rc1 dxc4 10. Bxc4 O-O 11. Nf3 Qxc5 12. Bb3 Nc6 13. O-O Qa5 14. h3 Bf5
15. Qe2 Ne4 16. g4 Nxc3 17. bxc3 Bc8 18. Rfd1 Qa3 19. Nd4 e5 20. Nb5 Qe7 21.
Bg3 Na5 22. Bd5 a6 23. Nd6 Be6 24. Bxe6 Qxe6 25. c4 Rfd8 26. c5 b6 27. Bh4 Rd7
28. Ne4 bxc5 29. Rxd7 Qxd7 30. Rxc5 Nb7 31. Rc1 Qe6 32. Qf3 Rc8 33. Rd1 Qc6 34.
Nf6+ Bxf6 35. Qxf6 Qa4 36. Rb1 Qe4 37. Rd1 Qa4 38. Rd2 h5 39. Bg5 Rc1+ 40. Kh2
Qe4 41. Bh6 Qh1+ 42. Kg3 Rg1+ 0-1

[Event "España tch 1B 2011"]
[Site "Sabadell ESP"]
[Date "2011.08.31"]
[Round "3.3"]
[White "Jerez Perez, Alfonso"]
[Black "Baches Garcia, Guillermo"]
[Result "1/2-1/2"]
[WhiteElo "2416"]
[BlackElo "2382"]
[PlyCount "50"]
[EventDate "2011.08.29"]
[EventType "team"]
[EventRounds "5"]
[EventCountry "ESP"]
[Source "lmi"]
[SourceDate "2011.08.29"]
[WhiteTeam "FOMENT MARTINENC"]
[BlackTeam "C.E. LLEIDA"]

1. e4 c5 2. c3 d5 3. exd5 Qxd5 4. d4 Nc6 5. Nf3 Bg4 6. Be2 cxd4 7. cxd4 e6 8.
Nc3 Bb4 9. O-O Qa5 10. a3 Bxc3 11. bxc3 Nge7 12. Rb1 Qc7 13. Qb3 b6 14. Be3 O-O
15. Rbc1 Rad8 16. Rfd1 Rd7 17. h3 Bxf3 18. Bxf3 Na5 19. Qb5 Nc4 20. Bf4 Qc8 21.
Be2 Nd5 22. Bg3 Nd6 23. Qb2 Nc4 24. Qb5 Nd6 25. Qb2 Nc4 1/2-1/2

[Event "España tch 1B 2011"]
[Site "Sabadell ESP"]
[Date "2011.08.31"]
[Round "3.4"]
[White "Trepat Herranz, Joan"]
[Black "Torrecillas Martinez, Antonio"]
[Result "0-1"]
[WhiteElo "2352"]
[BlackElo "2413"]
[PlyCount "86"]
[EventDate "2011.08.29"]
[EventType "team"]
[EventRounds "5"]
[EventCountry "ESP"]
[Source "lmi"]
[SourceDate "2011.08.29"]
[WhiteTeam "C.E. LLEIDA"]
[BlackTeam "FOMENT MARTINENC"]

1. d4 Nf6 2. c4 g6 3. g3 Bg7 4. Bg2 d5 5. cxd5 Nxd5 6. Nf3 Nb6 7. O-O Nc6 8. e3
O-O 9. Nc3 Re8 10. Re1 a5 11. Qe2 e5 12. Nxe5 Nxe5 13. dxe5 Bxe5 14. e4 Be6 15.
f4 Bg7 16. Be3 c6 17. Rad1 Qc7 18. Bc5 Nd7 19. Bd6 Qb6+ 20. Kh1 a4 21. Rd2 a3
22. e5 axb2 23. Rxb2 Qa5 24. Ne4 b6 25. Bb4 Qa4 26. Nc3 Qa7 27. Bxc6 Rac8 28.
Nb5 Qa4 29. Bxd7 Bxd7 30. Nd6 Bf8 31. a3 Bxd6 32. Bxd6 Rc3 33. Bb4 Bb5 34. Qd1
Qa8+ 35. Kg1 Rd3 36. Rd2 Rxd2 37. Qxd2 Rd8 38. Qe3 Qd5 39. Qe4 Qe6 40. Bd6 Rc8
41. Qb7 Bc6 42. Qxb6 Qd5 43. Re2 Bb7 0-1

[Event "España tch 1B 2011"]
[Site "Sabadell ESP"]
[Date "2011.08.31"]
[Round "3.1"]
[White "Almeida Quintana, Omar"]
[Black "Guasch Sariol, Jaume"]
[Result "1-0"]
[WhiteElo "2548"]
[BlackElo "2141"]
[PlyCount "43"]
[EventDate "2011.08.29"]
[EventType "team"]
[EventRounds "5"]
[EventCountry "ESP"]
[Source "lmi"]
[SourceDate "2011.08.29"]
[WhiteTeam "SOCIETAT CORAL COLON  DE SABADELL"]
[BlackTeam "CERDANYOLA DEL VALLES"]

1. d4 Nf6 2. c4 e6 3. Nf3 d5 4. Nc3 Bb4 5. Bg5 Nbd7 6. cxd5 exd5 7. Rc1 c5 8.
a3 Bxc3+ 9. Rxc3 Qa5 10. Bd2 Qb6 11. Re3+ Ne4 12. dxc5 Ndxc5 13. b4 Ne6 14. Bc1
Bd7 15. Qxd5 Bc6 16. Qf5 O-O 17. Rxe4 Bxe4 18. Qxe4 Rfe8 19. e3 Qc7 20. Bb2
Rac8 21. Bd3 Nf8 22. Qg4 1-0

[Event "España tch 1B 2011"]
[Site "Sabadell ESP"]
[Date "2011.08.31"]
[Round "3.2"]
[White "Shatko, Danil"]
[Black "Alonso Rosell, Alvar"]
[Result "0-1"]
[WhiteElo "2064"]
[BlackElo "2502"]
[PlyCount "102"]
[EventDate "2011.08.29"]
[EventType "team"]
[EventRounds "5"]
[EventCountry "ESP"]
[Source "lmi"]
[SourceDate "2011.08.29"]
[WhiteTeam "CERDANYOLA DEL VALLES"]
[BlackTeam "SOCIETAT CORAL COLON  DE SABADELL"]

1. d4 d5 2. c4 c6 3. cxd5 cxd5 4. Nc3 Nf6 5. Bf4 Nc6 6. e3 a6 7. Bd3 Bg4 8. f3
Bd7 9. Nge2 e6 10. g4 h6 11. h4 Be7 12. Kf2 Rc8 13. Rc1 Na5 14. Ng3 Bc6 15. Na4
Nd7 16. a3 Nc4 17. Bxc4 dxc4 18. e4 b5 19. Nc3 Bb7 20. Qd2 Qb6 21. Be3 Rd8 22.
Nh5 g6 23. Ng3 Ne5 24. Kg2 Nd3 25. Rcd1 Bf6 26. Nce2 Be7 27. Nc1 Ne5 28. Qf2
Nd7 29. Nce2 a5 30. Nf4 Qc7 31. Qc2 Nb6 32. Nfe2 b4 33. axb4 axb4 34. Qc1 h5
35. gxh5 gxh5 36. Kf2 Rc8 37. Bh6 c3 38. bxc3 bxc3 39. Bg7 Rh7 40. Be5 Qc4 41.
Nf1 Ba6 42. Qc2 Qxe2+ 43. Qxe2 Bxe2 44. Kxe2 c2 45. Rc1 f6 46. Bf4 Ba3 47. Ne3
Bxc1 48. Rxc1 Rd7 49. Nxc2 Na4 50. Bd2 Nb2 51. Ke3 Rdc7 0-1

[Event "España tch 1B 2011"]
[Site "Sabadell ESP"]
[Date "2011.08.31"]
[Round "3.3"]
[White "Perpinya Rofes, Lluis Maria"]
[Black "Valencia Jimenez, Jose"]
[Result "0-1"]
[WhiteElo "2395"]
[BlackElo "2032"]
[PlyCount "88"]
[EventDate "2011.08.29"]
[EventType "team"]
[EventRounds "5"]
[EventCountry "ESP"]
[Source "lmi"]
[SourceDate "2011.08.29"]
[WhiteTeam "SOCIETAT CORAL COLON  DE SABADELL"]
[BlackTeam "CERDANYOLA DEL VALLES"]

1. e4 d5 2. exd5 Nf6 3. d4 Nxd5 4. c4 Nb6 5. Nf3 Bg4 6. Be2 e6 7. Nc3 c6 8. c5
Nd5 9. O-O Be7 10. Qb3 b6 11. h3 Bxf3 12. Bxf3 O-O 13. Nxd5 exd5 14. Bf4 Nd7
15. Qa4 bxc5 16. Qxc6 Nb6 17. Bc7 Qd7 18. Qxd7 Nxd7 19. dxc5 Bxc5 20. Bxd5 Rac8
21. Bg3 Nf6 22. Bb7 Rcd8 23. Rad1 h6 24. a3 Rfe8 25. Bf3 g5 26. Bc7 Rc8 27. Ba5
Bf8 28. Bc3 Ne4 29. Bd4 a5 30. Rfe1 Nd2 31. Bg4 Rxe1+ 32. Rxe1 Rc4 33. Bc3 Ne4
34. Bxa5 Bc5 35. b3 Bxf2+ 36. Kh1 Bxe1 37. bxc4 Bxa5 38. Bf3 f5 39. g4 Ng3+ 40.
Kg2 f4 41. c5 Kg7 42. Bd1 Kf6 43. Kf3 Ke5 44. Bb3 Ne4 0-1

[Event "España tch 1B 2011"]
[Site "Sabadell ESP"]
[Date "2011.08.31"]
[Round "3.4"]
[White "Pozanco Romasanta, Marc"]
[Black "Colon Garcia, Enrique"]
[Result "0-1"]
[WhiteElo "1916"]
[BlackElo "2276"]
[PlyCount "82"]
[EventDate "2011.08.29"]
[EventType "team"]
[EventRounds "5"]
[EventCountry "ESP"]
[Source "lmi"]
[SourceDate "2011.08.29"]
[WhiteTeam "CERDANYOLA DEL VALLES"]
[BlackTeam "SOCIETAT CORAL COLON  DE SABADELL"]

1. d4 Nf6 2. c4 e6 3. Nc3 Bb4 4. e3 O-O 5. Nge2 d5 6. a3 Be7 7. cxd5 exd5 8. g3
c6 9. Bg2 Re8 10. O-O Nbd7 11. b4 Nb6 12. Qb3 Bf8 13. f3 Be6 14. Nf4 Bf5 15.
Rd1 g5 16. Nd3 g4 17. f4 h5 18. Ne5 Qe7 19. Re1 Rad8 20. Bb2 Qe6 21. Rac1 Bg7
22. b5 h4 23. bxc6 bxc6 24. Na4 Rd6 25. Nxb6 Rb8 26. Qa4 Rxb6 27. Bc3 hxg3 28.
hxg3 Ne4 29. Bb4 Bxe5 30. dxe5 Rd7 31. Ba5 Ra6 32. Bxe4 Bxe4 33. Re2 d4 34.
exd4 Bf3 35. Rh2 Qd5 36. Rc5 Qe4 37. Qb3 Qxd4+ 38. Kf1 Rxa5 39. Rxa5 Qa1+ 40.
Kf2 Rd2+ 41. Ke3 Qe1+ 0-1

[Event "España tch 1B 2011"]
[Site "Sabadell ESP"]
[Date "2011.09.01"]
[Round "4.1"]
[White "Alvarez Pedraza, Aramis"]
[Black "Almeida Quintana, Omar"]
[Result "1/2-1/2"]
[WhiteElo "2551"]
[BlackElo "2548"]
[PlyCount "59"]
[EventDate "2011.08.29"]
[EventType "team"]
[EventRounds "5"]
[EventCountry "ESP"]
[Source "lmi"]
[SourceDate "2011.08.29"]
[WhiteTeam "C.E. LLEIDA"]
[BlackTeam "SOCIETAT CORAL COLON  DE SABADELL"]

1. Nf3 g6 2. g3 Bg7 3. Bg2 c5 4. O-O Nc6 5. d3 d6 6. c4 e6 7. Nc3 Nge7 8. Bd2
O-O 9. a3 b6 10. Rb1 Bb7 11. b4 Qd7 12. Qa4 Rfd8 13. Rfc1 Bxc3 14. Bxc3 Nd4 15.
Qxd7 Nxf3+ 16. Bxf3 Rxd7 17. Bxb7 Rxb7 18. f4 Rc8 19. Kf2 Rd7 20. Bf6 Kf8 21.
g4 Ng8 22. Ba1 Ne7 23. Bf6 Ng8 24. Ba1 Ne7 25. Bf6 Ng8 26. Ba1 Ne7 27. Ke1 Ke8
28. g5 Kf8 29. Kf2 d5 30. Ke1 1/2-1/2